Build The National Monument by Guessing Cities #2 - Statistics

General Stats
  • This quiz has been taken 194 times
  • The average score is 7 of 15
Answers on the Map
Answers color-coded by a green-red scale on the quiz's map according to % correct below.
 
Answer Stats
Hint Answer % Correct
Capital of France Paris
100%
Oldest city in France, bordering Mediterranean Sea Marseille
81%
One of the most iconic location in the French Riviera. Tucked in the southeast corner of France, next to Monaco. Nice
66%
Famous for the anual film festival. Cannes
59%
Here was born Allan Kardec, creator of Spiritism Lyon
57%
Capital of Nouvelle-Aquitaine region, Crossed by the Garonne River and bordering the Atlantic Coast. Bordeaux
56%
The official seat of the European Parliament, bordering Germany. Strasbourg
53%
La Ville Rose, nickname of this city Toulouse
45%
Capital of Corsica Ajaccio
42%
It was the residence of seven Popes of the Catholic Church Avignon
42%
It is the third largest city on the French Mediterranean axis, after Marseille and Nice. It has the largest development in France in the last 25 years, and almost a third of the population is made up of students from various universities and higher education institutions based there. Montpellier
28%
Here, Joan of Arc died tragically after being burned. Rouen
25%
Hosted the Winter Olympic Games, in 1968 Grenoble
24%
A large port on the Mediterranean coast, with a major naval base. Located in the Provence-Alpes-Côte d'Azur region, capital of the Var department. Toulon
17%
From a fishing village, to a spa full of tourists and rich people. Saint-Tropez
11%
No matching quizzes found
Score Distribution
Percent of People with Each Score
Percentile by Number Answered
Your Score History
You have not taken this quiz